LEADER 01469nam a2200325 a 4500 001 000000132265 003 CaOOAMICUS 005 20121220122005.0 008 121220s2012 it a u000 u ita r 020 $a978-88-95023-30-4 040 $aPUL$bita 082 04$a228 245 00$aApocalisse :$bil senso della fine /$ca cura di Sandra Isetta. 260 $aGenova :$bErredi Grafiche Editoriali,$c2012. 300 $a182 p. :$bill. ;$c23 cm 490 1 $aFutur Antico ;$v08 500 $aCollana di studi linguistico-letterari sull'antichità classica del DAFIST (Ex D.A.R.FI.CI.ET. "Francesco Della Corte"). 504 $aInclude riferimenti bibliografici ed indice. 630 04$aBiblia.$pN.T.$pApocalypsis$xCritica e interpretazione.$0(OLS)http://pul/subject/7796 650 4$aApocalisse$xCritica e interpretazione.$0(OLS)http://pul/subject/28219 700 1 $aIsetta, Sandra.$0(OLS)http://pul/name/11518 830 0$aFutur Antico ;$v08.$0(OLS)http://pul/title/167090 850 $aPUL 852 $aPUL$W1$xDP2 Religione 3$y114$m228 ISESA 1$j152204$qDDC 21$B151555$CPULBib$Z2$F151555 $H121281 $82 941 1 $a9 996 $6020$a978-88-95023-30-4$9(OLS)http://pul/number/151438 996 $6082$a228$9(OLS)http://pul/classification/750 996 $6245$aApocalisse :$bil senso della fine$9(OLS)http://pul/title/167089 996 $6260$aGenova :$bErredi Grafiche Editoriali$9(OLS)http://pul/publisher/82210 LEADER 01596nam a2200337 u 4500 001 000000065936 003 CaOOAMICUS 005 20070226121523.0 008 011218s1988 fr u000 u fre u 020 $a2204030104 035 $a10914620 040 $aPUL$bita 245 04$aLes conférences épiscopales :$bthéologie, statut canonique, avenir : actes du Colloque international de Salamanque (3-8 janvier 1988) /$cH.Legrand, J. Manzanares, A.García y García. 260 $aParis :$bCerf,$c1988. 300 $a530 p. ;$c25 cm 490 1 $aCogitatio fidei ;$v149 500 $aContiene indice delle materie. 504 $aBibliografia in nota. 650 4$aDiritto canonico.$0(OLS)http://pul/subject/1294 650 4$aConferenze episcopali.$0(OLS)http://pul/subject/20443 700 1 $aLegrand, Hervé,$cO.P.$0(OLS)http://pul/name/26499 700 1 $aGarcía y García, Antonio,$d1928-$0(OLS)http://pul/name/1051 700 1 $aManzanares, Julio.$0(OLS)http://pul/name/27337 830 0$aCogitatio fidei ;$v149.$0(OLS)http://pul/title/876 850 $aPUL 852 $aPUL$W1$xSL Religione 2$y84$mTheol A13 149$j85287$nBK-PRI$b $qStampati altre collocazioni$B85287$CPULBib$Z2$F85287 $H $81 941 1 $a10 961 $aINV: 86340 996 $6020$a2204030104$9(OLS)http://pul/number/85514 996 $6245$aLes conférences épiscopales :$bthéologie, statut canonique, avenir : actes du Colloque international de Salamanque (3-8 janvier 1988)$9(OLS)http://pul/title/87619 996 $6260$aParis :$bCerf$9(OLS)http://pul/publisher/48238